British Rivers - Statistics

General Stats
  • This quiz has been taken 241 times
    225 since last reset
  • The average score is 8 of 14
Answer Stats
Hint Answer % Correct
Flows through the capital Thames
99%
Longest river in Britain Severn
91%
Newcastle Upon... Tyne
91%
Located between Liverpool and The Wirral Mersey
84%
Out of its peers it is known as the 'Great' Great Ouse
65%
Celtic word for River Avon
62%
6th longest river and sister of the above Wye
56%
Unusual River that flows north Trent
54%
Located between Wales and The Wirral/Cheshire Dee
52%
Longest river in Scotland Tay
47%
A crime boss in the early 1900's Don
28%
Passes through Lough Neagh Bann
16%
These Rivers flooded boscastle in 2004* Valency/Jordan/Paradise
4%
In 2007 the villages of Scisset and Clayton west were flooded by this river Dearne
2%
No matching quizzes found
Score Distribution
Percent of People with Each Score
Percentile by Number Answered
Your Score History
You have not taken this quiz since the last reset